000 01450nam a22002537i 4500
999 _c22903
_d22903
003 AR-CdUCM
008 240521b20222022 pe||||| |||| 00| 0 spa d
020 _a978-612-49142-5-6
040 _aMUNICIPALIDAD PROVINCIAL DEL CUSCO
_cBIBLIOTECA MUNICIPAL DEL CUSCO
082 _a985.04 / P3326Q
_bP3326Q
100 _aPaz Soldán, Mariano Felipe.
_912558
245 _aHistoria del Perú independiente /
260 _aLima :
_bMinisterio de Cultura del Perú,
_bProyecto Especial Bicentenario de la Independencia del Perú,
_c2022
300 _a486 páginas. :
_c20 cm.
505 _aSe propagan ideas liberales, San Martin concibe plan de atacar a los españoles en el Perú, primera expedición de Lord Cochrane al Perú, nuevo ataque al Callao -- Primera campaña de Arenales, batalla del Serro -- Estado político en que se hallan los patriotas y realistas, motivos de San Martin para no atacar, destitución del virrey Pezuela y nombramiento de La Serna
650 _aSan Martin concibe plan de atacar a los españoles en el Perú
_949868
650 _aPrimera expedición de Lord Cochrane al Perú, nuevo ataque al Callao
_949869
650 _aPrimera campaña de Arenales, batalla del Serro
_949870
650 _aEstado político en que se hallan los patriotas y realistas
_949871
650 _aMotivos de San Martin para no atacar
_949872
856 _fwww.bicentenario.gob.pe/biblioteca
942 _2ddc
_cLIBROS
945 _apbj
_d2024-05-21